[Event "2. Bundesliga West 2015/16"]
[Site "Servus Europa Wals"]
[Date "2016.03.06"]
[Round "11"]
[Board "6"]
[White "Ausserer, Felix"]
[Black "Jakob, Tobias"]
[Result "1/2-1/2"]
[WhiteElo "1901"]
[BlackElo "1883"]
[PlyCount "41"]
[EventDate "2015.10.16"]
[EventType "team"]
[EventRounds "11"]
[EventCountry "AUT"]
[WhiteTeam "Dornbirn"]
[BlackTeam "SIR Bernhard 2"]

1. e4 c5 2. Nf3 Nc6 3. d4 cxd4 4. Nxd4 e5 5. Nb5 a6 6. Nd6+ Bxd6 7. Qxd6 Qf6 8.
Qxf6 Nxf6 9. Nc3 Nb4 10. Bd3 d6 11. f3 Be6 12. Be3 Nxd3+ 13. cxd3 d5 14. d4
dxe4 15. dxe5 Nd5 16. Nxd5 Bxd5 17. Kf2 Bc6 18. Bd2 Bd5 19. Be3 Bc6 20. Bd2 Bd5
21. Be3 1/2-1/2

[Event "2. Bundesliga West 2015/16"]
[Site "Servus Europa Wals"]
[Date "2016.03.06"]
[Round "11"]
[Board "1"]
[White "Brumen, Dinko"]
[Black "Bilchinski, Anton"]
[Result "0-1"]
[WhiteElo "2359"]
[BlackElo "2260"]
[PlyCount "116"]
[EventDate "2015.10.16"]
[EventType "team"]
[EventRounds "11"]
[EventCountry "AUT"]
[WhiteTeam "Schwarzach"]
[BlackTeam "Goetzis 2"]

1. d4 f5 2. g3 Nf6 3. Bg2 d6 4. Nf3 g6 5. O-O Bg7 6. c4 O-O 7. Nc3 c6 8. d5 e5
9. e4 Na6 10. Ne1 cxd5 11. cxd5 Nc5 12. exf5 Bxf5 13. b4 Ncd7 14. Nc2 Rc8 15.
Qd2 Qb6 16. Ba3 Bxc2 17. Qxc2 Ng4 18. Qe2 Rxf2 19. Rxf2 Nxf2 20. Na4 Nh3+ 21.
Kh1 Qf2 22. Qxf2 Nxf2+ 23. Kg1 e4 24. Rc1 Rxc1+ 25. Bxc1 Nd3 26. Bd2 Bd4+ 27.
Kf1 b5 28. Bc3 bxa4 29. Bxd4 Nxb4 30. Bxe4 Nxa2 31. Ke2 Nc1+ 32. Kd1 Nb3 33.
Bxa7 Nbc5 34. Bb1 Kf7 35. Kd2 h6 36. Kc3 g5 37. Kb4 Kf6 38. h3 Ke5 39. Kc4 h5
40. h4 g4 41. Bc2 a3 42. Bb1 Nf6 43. Kb4 Nxd5+ 44. Kxa3 Ne4 45. Kb3 Nd2+ 46.
Kb2 Nxb1 47. Kxb1 Ke4 48. Kc2 Kf3 49. Kd3 Kxg3 50. Ke4 Kxh4 51. Be3 Kh3 52. Kd4
Kg2 53. Kxd5 g3 54. Bd2 Kh1 55. Ke4 g2 56. Bc3 h4 57. Kf3 h3 58. Kg3 h2 0-1

[Event "2. Bundesliga West 2015/16"]
[Site "Servus Europa Wals"]
[Date "2016.03.06"]
[Round "11"]
[Board "2"]
[White "Quintero Ortega, Carlos"]
[Black "Stajner, Samo"]
[Result "0-1"]
[WhiteElo "2190"]
[BlackElo "2351"]
[PlyCount "90"]
[EventDate "2015.10.16"]
[EventType "team"]
[EventRounds "11"]
[EventCountry "AUT"]
[WhiteTeam "Goetzis 2"]
[BlackTeam "Schwarzach"]

1. g3 e5 2. Bg2 Nc6 3. c4 f5 4. Nc3 Nf6 5. e3 Bb4 6. Nd5 e4 7. Ne2 Nxd5 8. cxd5
Ne5 9. O-O O-O 10. a3 Bd6 11. b4 b6 12. Qb3 a5 13. Bb2 a4 14. Qc3 Ba6 15. f4
exf3 16. Bxf3 Qg5 17. Nf4 Rae8 18. Be2 Bxe2 19. Nxe2 Ng4 20. h4 Qh6 21. Rf3 Be5
22. Qc2 Bxb2 23. Qxb2 g5 24. Kg2 Ne5 25. hxg5 Qxg5 26. Raf1 Qg4 27. Nd4 Qe4 28.
Qc3 Qxd5 29. Qxc7 Rf6 30. Qc2 f4 31. gxf4 Rg6+ 32. Kf2 Ng4+ 33. Ke1 Qxd4 34. f5
Nxe3 35. dxe3 Rxe3+ 36. Rxe3 Qxe3+ 37. Qe2 Rg3 38. Qxe3 Rxe3+ 39. Kf2 Rxa3 40.
Rd1 Rb3 41. Rxd7 Rxb4 42. Ke3 b5 43. Ra7 h5 44. Kf3 h4 45. f6 Kf8 0-1

[Event "2. Bundesliga West 2015/16"]
[Site "Servus Europa Wals"]
[Date "2016.03.06"]
[Round "11"]
[Board "3"]
[White "Roeberg, Frank"]
[Black "Gauss, Gustav"]
[Result "1/2-1/2"]
[WhiteElo "2249"]
[BlackElo "2182"]
[PlyCount "60"]
[EventDate "2015.10.16"]
[EventType "team"]
[EventRounds "11"]
[EventCountry "AUT"]
[WhiteTeam "Schwarzach"]
[BlackTeam "Goetzis 2"]

1. e4 Nc6 2. Nf3 d6 3. d4 Nf6 4. Nc3 g6 5. h3 Bg7 6. Be3 O-O 7. Be2 e5 8. dxe5
dxe5 9. Bc4 a6 10. Qxd8 Nxd8 11. Nxe5 Nxe4 12. Nxe4 Bxe5 13. O-O-O Be6 14. Bxe6
Nxe6 15. Ng5 Nxg5 16. Bxg5 f6 17. Be3 Rad8 18. c3 Rfe8 19. Kc2 Kf7 20. Rhe1 f5
21. Bg5 Bf6 22. Bf4 Rxd1 23. Rxd1 Re2+ 24. Rd2 Rxd2+ 25. Kxd2 c6 26. Kd3 Ke6
27. b3 Be7 28. c4 Bc5 29. f3 Be7 30. Bc7 Bc5 1/2-1/2

[Event "2. Bundesliga West 2015/16"]
[Site "Servus Europa Wals"]
[Date "2016.03.06"]
[Round "11"]
[Board "4"]
[White "Gretz, Denis"]
[Black "Ruecker, Benjamin"]
[Result "1-0"]
[WhiteElo "2073"]
[BlackElo "2269"]
[PlyCount "48"]
[EventDate "2015.10.16"]
[EventType "team"]
[EventRounds "11"]
[EventCountry "AUT"]
[WhiteTeam "Goetzis 2"]
[BlackTeam "Schwarzach"]

1. e4 c5 2. Nf3 e6 3. d3 d5 4. Qe2 Nf6 5. g3 Nc6 6. Bg2 Be7 7. O-O O-O 8. e5
Nd7 9. Re1 b5 10. h4 Re8 11. Bg5 f6 12. exf6 Bxf6 13. c3 Bb7 14. d4 a6 15. Nbd2
Kh8 16. Rad1 Rc8 17. Nf1 cxd4 18. cxd4 Qb6 19. Qd2 Nd8 20. Bh3 Nf7 21. Re2 Nd6
22. Bxe6 Rxe6 23. Rxe6 Ne4 24. Rxb6 Nxd2 1-0

[Event "2. Bundesliga West 2015/16"]
[Site "Servus Europa Wals"]
[Date "2016.03.06"]
[Round "11"]
[Board "6"]
[White "Ferk, Martin"]
[Black "Stoeckl, Norbert"]
[Result "0-1"]
[WhiteElo "1938"]
[BlackElo "2094"]
[PlyCount "110"]
[EventDate "2015.10.16"]
[EventType "team"]
[EventRounds "11"]
[EventCountry "AUT"]
[WhiteTeam "Goetzis 2"]
[BlackTeam "Schwarzach"]

1. d4 Nf6 2. c4 g6 3. Nc3 d5 4. Nf3 Bg7 5. h4 O-O 6. h5 c5 7. hxg6 hxg6 8. cxd5
Nxd5 9. Nxd5 Qxd5 10. Bh6 Bxh6 11. Rxh6 Nc6 12. dxc5 Qxc5 13. Rc1 Qb4+ 14. Qd2
Qxd2+ 15. Nxd2 Be6 16. a3 Rac8 17. e3 Ne5 18. Rb1 Rc2 19. Rh4 Ba2 20. Ra1 Rxb2
21. Rb4 Rc2 22. Rxb7 Rd8 23. Rxe7 Rdxd2 24. Rxe5 Rxf2 25. Rg5 Rb2 26. Rc1 Kg7
27. Rg4 a5 28. Rf4 Rfd2 29. Rd4 Rxd4 30. exd4 a4 31. Bc4 Rxg2 32. Bxa2 Rxa2 33.
Rc3 f5 34. d5 Kf6 35. Re3 Rb2 36. Re6+ Kf7 37. Ra6 Rb5 38. d6 Rd5 39. Ke2 g5
40. Ke3 Ke6 41. d7+ Kxd7 42. Rxa4 Kd6 43. Ra8 Ke5 44. Re8+ Kf6 45. Ra8 Rb5 46.
a4 Rb3+ 47. Kf2 g4 48. a5 Kg5 49. a6 Kf4 50. a7 Rb2+ 51. Kf1 Ra2 52. Ke1 g3 53.
Kd1 g2 54. Rg8 Kf3 55. a8=B+ Rxa8 0-1